Interpersonal communication

Saved in:
Bibliographic Details
Main Author: FLOYD, Kory
Format: Book
Language:English
Published: McGraw-Hill Education 2021
Tags: Add Tag
No Tags, Be the first to tag this record!

MARC

LEADER 00000nam a22000007a 4500
008 240417b |||||||| |||| 00| 0 eng d
020 |a 9781260575620 
100 |a FLOYD, Kory 
245 |a Interpersonal communication  |c /Kory Floyd  |g xxviii,409p; ill 
250 |b 4th 
260 |b McGraw-Hill Education  |c 2021  |h New York  |i 701046  |i 701047  |l BF637.C45F65  |m Interpersonal communication 
500 |a it includes index 
942 |a lcc  |c BK  |e Johnson  |f 17/04/24 
952 |0 0  |1 0  |2 lcc  |4 0  |6 BF0637 C45 F65  |7 0  |9 5062  |a ART  |b HOL  |c AF  |d 2024-04-17  |l 0  |o BF637.C45F65  |p 2024-0312  |r 2024-04-17 00:00:00  |t 701046  |w 2024-04-17  |y BK 
952 |0 0  |1 0  |2 lcc  |4 0  |6 BF0637 C45 F65  |7 0  |9 5063  |a HOL  |b HOL  |c AF  |d 2024-04-17  |l 0  |o BF637.C45F65  |p 2024-0313  |r 2024-04-17 00:00:00  |t 701047  |w 2024-04-17  |y BK 
999 |c 2513  |d 2513